| 000 | 00414pab a2200157 454500 | ||
|---|---|---|---|
| 008 | 180718b2005 xxu||||| |||| 00| 0 eng d | ||
| 100 | _aPathak, Sukumar | ||
| 245 | _aM.A. Jinnah: father of Pakistan; atheist who divided India for religion | ||
| 260 | _c2005 | ||
| 300 | _ap.27-29. | ||
| 362 | _a28 Oct | ||
| 650 | _aIndia - History | ||
| 650 | _aJinnah, Mohammed Ali | ||
| 773 | _aMainstream | ||
| 909 | _a67502 | ||
| 999 |
_c67502 _d67502 |
||